00455nam a2200193 a 4500001001300000003000900013005001700022008003800039020001000077082001300087100001900100245003200119260001300151300000800164500003500172505002700207650000800234700001900242nice12345678IN_TiNIC20260116011621.0050524s0000 a grp 000 0 urd  ac10000a231bQAL aQalander, John aLecture Mazhar-E-Khuda Par. abc0000 a29p aincludes index and biblioraphy2 aPlus Some Other Tracts aGod1 aQalander, John